| 000 | 004810000a22001330004500 | ||
|---|---|---|---|
| 090 |
_aAR _b04243 |
||
| 245 | 1 | 0 | _aNotas sobre Phanaeina venezolana, con descripción de una nueva subespecie de Diabroctis (Coleoptera, Scarabaeidae, Coprini) |
| 041 | 0 | _aEspañol | |
| 500 | _a<Literatura de escarabajos coprófagos> | ||
| 700 | 1 |
_aClavijo, José _998123 |
|
| 100 | 1 |
_aMartínez, Antonio _995967 |
|
| 942 | _cARTICULO | ||
| 773 | 1 |
_tBoletin de Entomología Venezolana _h20 _q147-157 _d1990 _g5 |
|
| 999 |
_c13340 _d13340 |
||